• 首页
  • 本馆介绍
  • 公告通知
  • 最新文献
  • 馆藏检索
  • 电子资源
  • 读者导购
  • 参考咨询
  • 我的图书馆
  • 登录
  • 详细信息显示
  • 放入我的书架
  • 预约/预借图书
  • 作者相关作品
  • 分类相关作品
  • 丛书相关作品
  • 出版社相关作品

书目信息

  • 表格格式
  • 工作单格式
  • 卡片格式
题名:
日内瓦与瑞士法语区
    
 
作者: 黄正平 编著 ;何侃 , 谢曙光 主编
分册:  
出版信息: 北京   社会科学文献出版社  2004
页数: 205页
开本: 23cm
丛书名: 飞扬商旅书系
单 册:
中图分类: K952.29
科图分类:
主题词: 旅游指南--日内瓦 , 旅游指南--瑞士
电子资源:
ISBN: 7-80190-356-0
000 01408nam0 2200373 450
000 01371nam0 2200361 450
000 01369nam0 2200373 450
000 01315nam0 2200349 450
000 01333nam0 2200337 450
000 01296nam0 2200325 45
001 TS2006011226
005 20061208104504.39
010    @a7-80190-356-0@dCNY39.00
100    @a20060829d2004 em y0chiy0110 ea
101 0  @achi@deng
102    @aCN@b110000
105    @aa z 000yy
200 1  @a日内瓦与瑞士法语区@Ari nei wa yu rui shi fa yu qu@e自然山水与历史风云的交响曲@f黄正平编著
210    @a北京@c社会科学文献出版社@d2004
215    @a205页@c照片@d23cm
225 2  @a飞扬商旅书系@f谢曙光, 何侃主编
330    @a本书以图文并茂的形式,介绍日内瓦的联合国欧洲总部机构,日内瓦与法语地区的历史、文化内涵,古堡、温泉云集的自然人文风貌等。 
410  0 @12001 @a飞扬商旅书系
510 1  @aGeneva and French - Speaking District of Switzerland@eSymphony of Natural Landscape and History Events@zeng
606 0  @a旅游指南@y日内瓦
606 0  @a旅游指南@y瑞士
690    @aK952.29@v4
701  0 @a黄正平@Ahuang zheng ping@c(旅游)@4编著
702  0 @a何侃@Ahe kan@c(旅游)@4主编
702  0 @a谢曙光@Axie shu guang@c(教授)@4主编
801  0 @aCN@b中图数据@c20061208
905    @a10447@dK952.29@e115
    
    日内瓦与瑞士法语区:自然山水与历史风云的交响曲/黄正平编著.-北京:社会科学文献出版社,2004
    205页:照片;23cm.-(飞扬商旅书系/谢曙光, 何侃主编)
    
    
    ISBN 7-80190-356-0:CNY39.00
    本书以图文并茂的形式,介绍日内瓦的联合国欧洲总部机构,日内瓦与法语地区的历史、文化内涵,古堡、温泉云集的自然人文风貌等。
●
相关链接 在E读中查询图书 在五车中查询图书 在当当中查询图书 在豆瓣中查询图书


正题名:日内瓦与瑞士法语区     索取号:K952.29/115         预约/预借

序号 登录号 条形码 馆藏地/架位号 状态 备注
1 0616891   206168911   第二样本阅览室/ [索取号:K952.29/115] 在馆    
2 0616892   206168920   第二借阅区/ [索取号:K952.29/115] 在馆    
3 0616893   206168939   第二借阅区/ [索取号:K952.29/115] 在馆    
4 0616894   206168948   第二借阅区/ [索取号:K952.29/115] 在馆    
5 0616895   206168957   第二借阅区/ [索取号:K952.29/115] 在馆    
唐山师范学院图书馆 欢迎您!
大连网信软件有限公司© 版权所有